Formación de conceptos numéricos iniciales en una población de niños mexicanos (Record no. 151105)

MARC details
000 -CABECERA
campo de control de longitud fija 00747nab a2200253 a 4500
005 - FECHA Y HORA DE LA ÚLTIMA TRANSACCIÓN
campo de control 20210223131429.0
008 - ELEMENTOS DE LONGITUD FIJA--INFORMACIÓN GENERAL
campo de control de longitud fija 991125s1985 mx 000 0 spa u
035 ## - NÚMERO DE CONTROL DEL SISTEMA
Número de control de sistema UPN01000179002
100 1# - ASIENTO PRINCIPAL--NOMBRE PERSONAL
Nombre de persona Solovieva, Yulia
9 (RLIN) 33804
222 ## - TÍTULO CLAVE
Título clave CULTURA Y EDUCACION :
222 ## - TÍTULO CLAVE
Información calificativa REVISTA DE TEORIA, INVESTIGACION Y PRACTICA
245 ## - MENCIÓN DE TÍTULO
Título Formación de conceptos numéricos iniciales en una población de niños mexicanos
260 ## - PUBLICACIÓN, DISTRIBUCIÓN, ETC.
Lugar de publicación, distribución, etc. Madrid, España
300 ## - DESCRIPCIÓN FÍSICA
Extensión 345-361
362 0# - FECHAS DE PUBLICACIÓN Y/O DESIGNACIÓN SECUENCIAL
Fecha de publicación y/o designación secuencial 2010 Vol. 22, no. 3, oct.
653 0# - TERMINO DE INDIZACION - NO CONTROLADO
Término no controlado NUMERO
653 0# - TERMINO DE INDIZACION - NO CONTROLADO
Término no controlado EDUCACION PRIMARIA
653 0# - TERMINO DE INDIZACION - NO CONTROLADO
Término no controlado ACCIONES MENTALES
700 1# - ASIENTO SECUNDARIO--NOMBRE DE PERSONAL
Nombre de persona Ortiz Moncada, Gerardo,
700 1# - ASIENTO SECUNDARIO--NOMBRE DE PERSONAL
Término indicativo de función/relación coaut.
700 1# - ASIENTO SECUNDARIO--NOMBRE DE PERSONAL
Nombre de persona Quintanar Rojas, Luis,
700 1# - ASIENTO SECUNDARIO--NOMBRE DE PERSONAL
Término indicativo de función/relación coaut.
905 ## - TIPO DE MATERIAL
Tipo de material Articulo

No items available.